01472cam a22003737a 4500003000500000005001700005008004100022010001000063011001000073035001000083040000900093090001000102100003600112245016000148260003700308300002200345502012500367590003700492590004100529590004100570590004100611590004100652590004200693650003800735650002900773650003200802650003100834901000700865905003000872942001000902949004200912999001700954952012700971CHAP20220329142048.0990519d1997 mx r 00110 spa d a77846 a78818 a88919 cCHAP aTesis00aOnofre Segura, Héctor.98332310aEfecto de la fecha de siembra sobre el rendimiento de cinco genotipos de sorgo (Sorghum bicolor. (L.) Moench) en Cocula, Gro.c/ por Héctor Onofre Segura aCocula, Gro. :bEl autor,c1997. a52 h. :bgráfs. aTesis (Ing. Agr. Fitotecnista) -- Colegio Superior Agropecuario del Estado de Guerrero. Centro de Estudios Profesionales aALEPHb10c20130110lUCH01h1429 aBATCH-UPDb10c20130110lUCH01h0103 aBATCH-UPDb10c20130110lUCH01h0726 aBATCH-UPDb10c20130410lUCH01h0410 aBATCH-UPDb10c20130914lUCH01h1850 aCONVERSIONb10c20130109lUCH01h134314aSorgoxFechas de siembra.910867014aSorgoxGuerrero.910867914aSorgoxRendimiento.910871414aSorgoxVariedades.9108734 aBK aBlanca M. García Ocampo cTESIS bBCcTESd889191eTS1h34004i88919sb c77846d77846 00102local4051708TESISaBCbBCcPA_TESISd2019-12-31fTESISl0oTesisp889191r2019-12-31 00:00:00w2019-12-31yTESIS